00315 a2200109 4500001000700000020000600007040001100013100002100024240007800045245007300123362000900196169203 a  cMagnum aKamii, Constance10aJogos em grupo na educacao infantil: implicacoes na teoria de piagetlpor10aJogos em grupo na educacao infantil: implicacoes na teoria de piaget0 a1899